Seeing red / (Record no. 2621)

MARC details
000 -LEADER
fixed length control field 01288cam a22003498a 4500
005 - DATE AND TIME OF LATEST TRANSACTION
control field 20240105120700.0
020 ## - INTERNATIONAL STANDARD BOOK NUMBER
International Standard Book Number 9780545464406
020 ## - INTERNATIONAL STANDARD BOOK NUMBER
International Standard Book Number 9780545793902
020 ## - INTERNATIONAL STANDARD BOOK NUMBER
International Standard Book Number 9780545464413
020 ## - INTERNATIONAL STANDARD BOOK NUMBER
International Standard Book Number 9780545576451
040 ## - CATALOGING SOURCE
Original cataloging agency NJQ/DLC
Transcribing agency NJQ
Language of cataloging eng
050 00 - LIBRARY OF CONGRESS CALL NUMBER
Classification number PZ7.E7388
Item number See 2013
082 04 - DEWEY DECIMAL CLASSIFICATION NUMBER
Classification number 813.6
Edition number 23
100 1# - MAIN ENTRY--PERSONAL NAME
Personal name Erskine, Kathryn
245 10 - TITLE STATEMENT
Title Seeing red /
Statement of responsibility, etc. Kathryn Erskine
250 ## - EDITION STATEMENT
Edition statement First Scholastic paperback printing, November 2014
260 ## - PUBLICATION, DISTRIBUTION, ETC.
Place of publication, distribution, etc. New York, N ;
Name of publisher, distributor, etc. Scholastic Press,
Date of publication, distribution, etc. 2013
300 ## - PHYSICAL DESCRIPTION
Extent 344 pages :
Dimensions 20cm
505 ## - FORMATTED CONTENTS NOTE
Formatted contents note M
520 ## - SUMMARY, ETC.
Summary, etc. When twelve-year-old Frederick "Red" Porter's father dies in 1972, his mother wants to sell their automobile repair shop and move her two sons back to Ohio, but Red is desperate to stop the sale even if it means unearthing some dark family secrets in a Virginia rife with racial tensions.
521 ## - TARGET AUDIENCE NOTE
Target audience note 760
Source Lexile
521 ## - TARGET AUDIENCE NOTE
Target audience note M
Source Raz-Plus
650 #0 - SUBJECT ADDED ENTRY--TOPICAL TERM
Topical term or geographic name entry element Families
Geographic subdivision Virginia
Form subdivision Juvenile fiction.
650 #0 - SUBJECT ADDED ENTRY--TOPICAL TERM
Topical term or geographic name entry element Bereavement
Form subdivision Juvenile fiction.
650 #0 - SUBJECT ADDED ENTRY--TOPICAL TERM
Topical term or geographic name entry element Race relations
Form subdivision Juvenile fiction.
650 #1 - SUBJECT ADDED ENTRY--TOPICAL TERM
Topical term or geographic name entry element Family life
Geographic subdivision Virginia
Form subdivision Fiction.
650 #1 - SUBJECT ADDED ENTRY--TOPICAL TERM
Topical term or geographic name entry element Grief
Form subdivision Fiction.
650 #1 - SUBJECT ADDED ENTRY--TOPICAL TERM
Topical term or geographic name entry element Race relations
Form subdivision Fiction.
906 ## - LOCAL DATA ELEMENT F, LDF (RLIN)
a 7
b cbc
c orignew
d 1
e ecip
f 20
g y-gencatlg
942 ## - ADDED ENTRY ELEMENTS (KOHA)
Source of classification or shelving scheme Dewey Decimal Classification
Koha item type Books
Suppress in OPAC No
999 ## -
-- 2621
-- 2621
Holdings
Withdrawn status Lost status Source of classification or shelving scheme Damaged status Not for loan Collection Home library Current library Shelving location Date acquired Total Checkouts Full call number Barcode Date last seen Price effective from Koha item type
    Dewey Decimal Classification     Juvenile Fiction Footprints International School Library Network Toul Kork Campus Footprints International School Library Network Toul Kork Campus   01/05/2024   ERS 813.6 PZ7.E7388 FISSE02575 04/08/2025 01/05/2024 Books